Fate/Zero - Les Personnages - Statistiques

Statistiques générales
  • Ce quiz a été pris 7 fois
  • Le résultat moyen est 17 sur 27
Statistiques - réponses
Par images Réponse % Correct
Berserker
100%
Saber
100%
Archer
86%
Assassin
86%
Caster
86%
Irisviel von Einzbern
86%
Kiritsugu Emiya
86%
Lancer
86%
Rider
86%
Rin Tohsaka
86%
Sakura Matou
86%
Shirou Emiya
86%
Byakuya Matou
71%
Kariya Matou
71%
Kayneth El-Melloi Archibald
71%
Kirei Kotomine
71%
Norikata Emiya
71%
Zouken Matou
71%
Aoi Tohsaka
43%
Risei Kotomine
43%
Tokiomi Tohsaka
43%
Waver Velvet
43%
Maiya Hisau
14%
Nathalia Kaminski
14%
Ryuunosuke Uryuu
14%
Shirley
14%
Sola-Ui Nuada-Re Sophia-Ri
14%
Aucun quiz correspondant
Distribution des résultats
% des personnes avec chaque résultat
Percentile par nombre de réponses
Votre historique - résultats
Vous n’avez pas pris ce quiz